Нитрование ароматических углеводородов. Ч. 1: Нитрование толуола (Запись № 11411875)

Подробности
000 -МАРКЕР
контрольное поле 02461nam2a2200313 4500
001 - ИДЕНТИФИКАТОР ЗАПИСИ
контрольное поле RU\NLR\BIBL_A\011706321
005 - ИДЕНТИФИКАТОР ВЕРСИИ
контрольное поле 20180525104305.0
010 ## - МЕЖДУНАРОДНЫЙ СТАНДАРТНЫЙ НОМЕР КНИГИ (ISBN)
Номер (ISBN) 978-5-6040858-0-6
Тираж 100
021 ## - НОМЕР ГОСУДАРСТВЕННОЙ РЕГИСТРАЦИИ
Код страны Российская Федерация
Номер КН-П-18-027860
Номер Листа государственной регистраци КН-П-18-2031
035 ## - ДРУГИЕ СИСТЕМНЫЕ НОМЕРА
Идентификатор записи (NLR Aleph) 011706321
035 ## - ДРУГИЕ СИСТЕМНЫЕ НОМЕРА
Идентификатор записи (RuMoRGB)009606271
100 ## - ДАННЫЕ ОБЩЕЙ ОБРАБОТКИ
Данные общей обработки 20180517d2018 u y0rusy50 ca
101 0# - ЯЗЫК РЕСУРСА
Язык текста, звукозаписи и т.д. русский
102 ## - СТРАНА ПУБЛИКАЦИИ ИЛИ ПРОИЗВОДСТВА
Страна публикации Российская Федерация
105 ## - ПОЛЕ КОДИРОВАННЫХ ДАННЫХ: ТЕКСТОВЫЕ МАТЕРИАЛЫ, МОНОГРАФИЧЕСКИЕ
Кодированные данные о монографическом текстовом документе |||j|||000zy
200 1# - ЗАГЛАВИЕ И СВЕДЕНИЯ ОБ ОТВЕТСТВЕННОСТИ
Основное заглавие Нитрование толуола
210 ## - ПУБЛИКАЦИЯ, РАСПРОСТРАНЕНИЕ И ДР.
Дата издания, распространения и т.д. 2018
215 ## - ФИЗИЧЕСКАЯ ХАРАКТЕРИСТИКА
Специфическое обозначение материала и объем 87 с.
Другие сведения о физической характеристике ил., табл.
313 ## - ПРИМЕЧАНИЯ, ОТНОСЯЩИЕСЯ К ТЕМАТИЧЕСКОМУ ДОСТУПУ
Текст примечания пр-во тринитротолуола
320 ## - ПРИМЕЧАНИЯ О НАЛИЧИИ В ДОКУМЕНТЕ БИБЛИОГРАФИИ / УКАЗАТЕЛЯ
Текст примечания Библиогр.: с. 84-85 (14 назв.)
461 #0 - УРОВЕНЬ НАБОРА
Встроенное поле 001RU\NLR\BIBL_A\011712341
-- 2001#$aНитрование ароматических углеводородов$eучебное пособие$e[для студентов 4-6 курсов по направлению подготовки 18.05.00 "Химическая технология энергонасыщенных веществ и материалов"]$fМ.А. Илюшин, С.М. Путис$gМинистерство образования и науки Российской Федерации, Федеральное государственное бюджетное учреждение высшего образования "Санкт-Петербургский государственный технологический институт (технический университет)", Кафедра химии и технологии органических соединений азота$vЧ. 1
-- 700#1$aИлюшин$bМ. А.$gМихаил Алексеевич
Системный номер (АБИС) связанной записи 11439991
Автор Илюшин, М. А.
Место публикации Санкт-Петербург
Дата публикации 2018
Первые сведения об ответственности М.А. Илюшин, С.М. Путис
Имя издателя, распространителя и т.д. Печатный цех
Сведения, относящиеся к заглавию учебное пособие : [для студентов 4-6 курсов по направлению подготовки 18.05.00 "Химическая технология энергонасыщенных веществ и материалов"]
Заглавие Нитрование ароматических углеводородов
Номер тома Ч. 1
606 1# - НАИМЕНОВАНИЕ ТЕМЫ КАК ПРЕДМЕТ
Наименование темы Тротил
Формальный подзаголовок Учебные издания для высших учебных заведений
Тематический подзаголовок Производство
Системный номер авторитетной/нормативной записи 1829254
Идентификатор авторитетной/нормативной записи RU\NLR\AUTH\661119145
686 1# - ИНДЕКСЫ ДРУГИХ КЛАССИФИКАЦИЙ
Индекс Л642.322я73-1
942 ## - ДОПОЛНИТЕЛЬНЫЕ ЭЛЕМЕНТЫ ЗАПИСИ (АБИС)
Тип экземпляра АБИС Книга
980 ## - КОЛЛЕКЦИЯ
Название коллекции НБР
980 ## - КОЛЛЕКЦИЯ
Название коллекции Национальная библиография

Нет доступных экземпляров.